Honismeret 4 az alapiskolák 4. osztálya számára

Bibliographic Details
Main Authors: Kožuchová, Mária, 1950- (Author), Šimunková, Mária (Author), Matúšková, Renáta, 1968- (Author)
Other Authors: Obdreičková, Daniela, 1951- (Illustrator), Lacza, Tihamér, 1948- (Translator), Lacika, Ján, 1956- (Photographer)
Format: Book
Language:Hungarian
Slovak
PhysicalDescription:87 s. fareb. fotogr., ilustr., mp. 30 cm
Published: Bratislava Expol pedagogika 2011
ISBN:9788080912390
Edition:1. kiad.
Subjects:

MARC

LEADER 00000nam a2200000 a 4500
001 vtls010340221
003 SK-MaSNL
005 20260426013452.0
008 240313s2011 xo boa c 000 0 hun
015 |a SNBA2012/05-02856 
020 |a 9788080912390  |q (brož.) 
035 |a 385A1F11-46F3-4446-A90D-9D5876F4ACF7 
035 |a urn:nbn:sk:snk-amkbdy 
035 |a urn:nbn:sk:snk-am008bor 
040 |a SNK  |b slo  |c SNK  |e AACR2 
041 1 |a hun  |h slo 
043 |a e-xo--- 
044 |a xo  |c SK 
072 7 |a 908(437)  |x Vlastiveda Česka a Slovenska  |2 konspekt 
072 7 |a 37.016  |x Učebné osnovy. Vyučovacie predmety. Učebnice  |2 konspekt 
080 |a 908(437.6)  |2 2001 
080 |a (075.2)  |2 2001 
100 1 |a Kožuchová, Mária,  |d 1950-  |4 aut  |9 185671 
245 1 0 |a Honismeret 4 az alapiskolák 4. osztálya számára  |c [szerzők Mária Kožuchová, Renáta Matúšková, Mária Šimunková ; fordította Lacza Tihamér ; illustrációk Daniela Ondreičková ... [et. al.] ; fotó Ján Lacika ... [et al.]] 
246 |a Vlastiveda 4 pre 4. ročník základných škôl 
250 |a 1. kiad. 
260 |a Bratislava  |b Expol pedagogika  |c 2011 
300 |a 87 s.  |b fareb. fotogr., ilustr., mp.  |c 30 cm 
650 0 7 |a vlastiveda  |2 SNKPH  |9 3887 
650 0 7 |a History and geography  |2 SNKPHeng  |9 265657 
651 7 |a Slovensko  |2 SNKPH  |9 14231 
651 7 |a Slovakia  |2 SNKPHeng  |9 92630 
655 7 |a učebnice základných škôl  |2 SNKPH  |9 70187 
655 7 |a Textbooks (elementary)  |2 SNKPHeng  |9 276977 
700 1 |a Šimunková, Mária  |4 aut  |9 332410 
700 1 |a Matúšková, Renáta,  |d 1968-  |4 aut  |9 204729 
700 1 |a Obdreičková, Daniela,  |d 1951-  |4 ill  |9 719646 
700 1 |a Lacza, Tihamér,  |d 1948-  |4 trl  |9 100533 
700 1 |a Lacika, Ján,  |d 1956-  |4 pht  |9 101502 
852 |a Štátna vedecká knižnica v Banskej Bystrici 
919 |a 978-80-8091-239-0 
958 |a OP 
958 |a HU 
958 |a NM 
968 |a Mag  |b SLO  |d 37 
999 |c 1124242  |d 1126172 
952 |a SNK  |b SNK  |y PREZ  |7 0  |p 17A0878136  |o snkSB 82543  |i snk2012/4106  |8 0  |0 0  |1 0  |4 0  |d 2012-02-15  |f 1  |l 0  |r 2025-05-06 00:00:00  |w 2026-02-24 
952 |a SNK  |b SNK  |y VYP  |7 0  |p 17A0878135  |o snkSB 82543 D1  |i snk2012/4107  |8 0  |0 0  |1 0  |4 0  |d 2012-02-15  |l 0  |r 2016-06-30 00:00:00  |w 2026-02-24